Khảo sát, thiết kế đường ô tô

Shranjeno v:
Bibliografske podrobnosti
Glavni avtor: Dương Học Hải
Format: Knjiga
Jezik:Undetermined
Izdano: Hà Nội KHKT 1984
Teme:
Oznake: Označite
Brez oznak, prvi označite!
Thư viện lưu trữ: Trung tâm Học liệu Trường Đại học Cần Thơ
LEADER 00532nam a2200181Ia 4500
001 CTU_14560
008 210402s9999 xx 000 0 und d
082 |a 625.7 
082 |b H103 
100 |a Dương Học Hải 
245 0 |a Khảo sát, thiết kế đường ô tô 
245 0 |c Dương Học Hải, Đỗ Dũng 
260 |a Hà Nội 
260 |b KHKT 
260 |c 1984 
650 |a roads 
904 |i Nguyễn Quang Điền, 970106 
980 |a Trung tâm Học liệu Trường Đại học Cần Thơ